|
|
|
|
| LEADER |
00000nam0a2200000 4500 |
| 001 |
218258 |
| 005 |
20231101230200.0 |
| 010 |
|
|
|a 9785955802350
|
| 010 |
|
|
|a 978-5-16005174-1
|
| 035 |
|
|
|a (RuTPU)RU\TPU\book\238275
|
| 090 |
|
|
|a 218258
|
| 100 |
|
|
|a 20120618d2012 m y0rusy50 ca
|
| 101 |
0 |
|
|a rus
|
| 102 |
|
|
|a RU
|
| 105 |
|
|
|a a j 001zy
|
| 200 |
1 |
|
|a PR в сфере коммерции
|e учебник для вузов
|f под ред. И. М. Синяевой
|
| 210 |
|
|
|a Москва
|c Вузовский учебник
|c Инфра-М
|d 2012
|
| 215 |
|
|
|a 298 с.
|c ил.
|e CD-ROM
|
| 225 |
1 |
|
|a Вузовский учебник
|
| 320 |
|
|
|a Библиогр.: с. 293-295.
|
| 330 |
|
|
|a Учебник представляет собой содержание развернутого курса специальности для подготовки студентов-бакалавров по программе «РR в коммерции», утвержденной новым стандартом третьего поколения. В логической последовательности представлены концепции, методические основы и практические рекомендации создания эффективных коммуникаций в коммерческой структуре при взаимодействии с целевыми аудиториями потребителей, представителями государственных служб, финансового и делового сообщества. Рассмотрены цели, методы, формы и конкретные инструменты планирования и реализации отношений организации со средствами массовой информации. Уделяется внимание содержанию массовых коммуникаций, процессу планирования массмедиа с учетом специфики практического использования в сфере рыночного участия фирм и компаний. Дается комплексная оценка влияния инструментов РR, рекламы на результаты коммерческой деятельности с учетом факторов деловой среды. Приводятся конкретные направления и примеры использования стратегий связей с общественностью для успешного позиционирования компании. Предназначен для экономистов, предпринимателей, социологов, психологов, государственных служащих и общественных деятелей, журналистов и всех тех, кто стремится использовать знания РR в своей профессиональной области.
|
| 606 |
1 |
|
|a Паблик Рилейшнз (ПР)
|2 stltpush
|3 (RuTPU)RU\TPU\subj\27914
|9 51569
|
| 606 |
1 |
|
|a Коммерческая деятельность
|2 stltpush
|3 (RuTPU)RU\TPU\subj\27888
|9 51559
|
| 610 |
1 |
|
|a рынок
|
| 610 |
1 |
|
|a коммерческие PR
|
| 610 |
1 |
|
|a массовые коммуникации
|
| 610 |
1 |
|
|a связи с общественностью
|
| 610 |
1 |
|
|a государство
|
| 610 |
1 |
|
|a бизнес
|
| 610 |
1 |
|
|a общественность
|
| 610 |
1 |
|
|a организационное управление
|
| 610 |
1 |
|
|a формы
|
| 610 |
1 |
|
|a планирование
|
| 610 |
1 |
|
|a маркетинг
|
| 610 |
1 |
|
|a антикризисное управление
|
| 610 |
1 |
|
|a учебники
|
| 610 |
1 |
|
|a CD-ROM
|
| 675 |
|
|
|a 659.4(075.8)
|v 3
|
| 686 |
|
|
|a У9(2)42я73
|v LBC/SL-A
|2 rubbk
|
| 702 |
|
1 |
|a Синяева
|b И. М.
|4 340
|
| 801 |
|
1 |
|a RU
|b 63413507
|c 20120618
|
| 801 |
|
2 |
|a RU
|b 63413507
|c 20150708
|g RCR
|
| 942 |
|
|
|c BK
|
| 959 |
|
|
|a 82/20120524
|d 2
|e 379,90
|f ЧЗГЛ:1
|f АНЛ:1
|